[Event "Olympiad Women 2024"]
[Site "Budapest HUN"]
[Date "2024.09.19"]
[Round "8.46"]
[Board "2"]
[White "Gonzalez Peguero, Mary Loly"]
[Black "Prommuang, Araya"]
[Result "1-0"]
[WhiteElo "1889"]
[BlackElo "1753"]
[PlyCount "81"]
[EventDate "2024.09.11"]
[WhiteTeam "Dominican Republic"]
[BlackTeam "Thailand"]
[WhiteTeamCountry "DOM"]
[BlackTeamCountry "THA"]

1. c4 e6 2. Nf3 d5 3. cxd5 exd5 4. d4 c6 5. Nc3 Nf6 6. Bf4 Bd6 7. Bxd6 Qxd6 8. e3 Bf5 9. Bd3 Bxd3 10. Qxd3 Nbd7 11. O-O O-O 12. Rac1 Rfe8 13. Na4 Ne4 14. Qc2 Rac8 15. b4 $146 ({RR} 15. Nd2 Nxd2 16. Qxd2 Rc7 17. a3 Rec8 18. b4 b6 19. Nb2 Nf6 20. Nd3 Ne4 21. Qb2 Qe6 22. Ne5 f6 23. Nf3 c5 24. bxc5 bxc5 25. dxc5 Nxc5 26. Nd4 Qe7 27. Rfd1 Rb7 28. Qa2 {½-½ Balcius,M (1054)-Baranauskas,V (1328) LTU-ch U12 Kaunas 2017 (3)}) 15... Qb8 16. Nc5 Ndf6 17. Ne5 Nd6 18. a4 b6 19. Ncd3 Qb7 20. Nxc6 b5 21. axb5 Qxb5 22. Qc5 Qxd3 23. Qxd6 Ne4 24. Qd7 Nf6 25. Qxa7 Ra8 26. Qc7 Qa6 27. Ne5 Ra7 28. Qc6 Qa3 29. b5 Re6 30. Qc8+ Re8 31. Qc3 Ne4 32. Qc6 Nf6 33. b6 Rae7 34. Ra1 Qb4 35. Nd3 Qd2 36. Nc5 Qc2 37. Qa4 Qf5 38. b7 Nd7 39. Nxd7 Qxd7 40. Qxd7 Rxd7 41. Ra8 1-0

[Event "Olympiad Women 2024"]
[Site "Budapest HUN"]
[Date "2024.09.19"]
[Round "8.46"]
[Board "3"]
[White "Mekarapiruk, Nathasha"]
[Black "Almanzar Vasquez, Jeniffer Maria"]
[Result "1/2-1/2"]
[WhiteElo "1728"]
[BlackElo "1876"]
[PlyCount "111"]
[EventDate "2024.09.11"]
[WhiteTeam "Thailand"]
[BlackTeam "Dominican Republic"]
[WhiteTeamCountry "THA"]
[BlackTeamCountry "DOM"]

1. e4 e6 2. d4 d5 3. Nd2 dxe4 4. Nxe4 Bd7 5. Nf3 Bc6 6. Bd3 Nd7 7. Qe2 Ngf6 8. O-O Bxe4 9. Bxe4 Nxe4 10. Qxe4 c6 11. Bf4 Nf6 12. Qe5 ({RR} 12. Qd3 Be7 13. Rfe1 O-O 14. Be5 Nd7 15. Bg3 Nf6 16. Be5 Nd7 {½-½ Taspinar,Y (2311)-Cilek,B (2242) 10th Cesme Open A 2024 (6.16)}) 12... Be7 13. Rfe1 O-O 14. Rad1 Qb6 $146 ({RR} 14... Nd5 15. Bg3 Bf6 16. Qe4 Nb6 17. Qg4 Qd5 18. b3 Qd7 19. Rd3 Rfd8 20. Ne5 Qe7 21. Rf3 Nd7 22. Nc4 Qb4 23. c3 Qb5 24. h4 Kh8 25. Nd6 {1-0 Landenberger,L (2110)-Hazir,B Miskolc Avas op 2004 (1)}) 15. b3 Rfd8 16. c4 Bd6 17. Qg5 Bxf4 18. Qxf4 Qa5 19. Re2 c5 20. Red2 cxd4 21. Rxd4 h6 22. a4 Rxd4 23. Qxd4 Qb4 24. Rd3 Rc8 25. h3 a6 26. Kh2 Kf8 27. Ne5 Ke7 28. Ng4 Qc5 29. Nxf6 Qxd4 30. Rxd4 Kxf6 31. Rd7 b5 32. cxb5 axb5 33. axb5 Rb8 34. Rd1 Rxb5 35. Rb1 Ke5 36. b4 Kd5 37. Rb3 Kc4 38. Rf3 f6 39. Rf4+ Kc3 40. Rf3+ Kxb4 41. Re3 e5 42. Rd3 Rb7 43. Kg3 Kc4 44. Rd8 Rb3+ 45. Kg4 Rb2 46. Kg3 Rb3+ 47. Kg4 Rd3 48. Rg8 Rd7 49. g3 Kd3 50. Kf3 Kd2 51. Ra8 Rd3+ 52. Kg2 Ke2 53. Ra7 e4 54. Ra2+ Rd2 55. Ra4 f5 56. h4 1/2-1/2

[Event "Olympiad Women 2024"]
[Site "Budapest HUN"]
[Date "2024.09.19"]
[Round "8.46"]
[Board "4"]
[White "Ramirez Luzon, Franchesca"]
[Black "Tawankanjana, Sasinat"]
[Result "1/2-1/2"]
[WhiteElo "1820"]
[BlackElo "1612"]
[PlyCount "98"]
[EventDate "2024.09.11"]
[WhiteTeam "Dominican Republic"]
[BlackTeam "Thailand"]
[WhiteTeamCountry "DOM"]
[BlackTeamCountry "THA"]

1. d4 d5 2. Bf4 Nf6 3. e3 c5 4. Nd2 Nc6 5. Ngf3 Bf5 ({RR} 5... cxd4 6. exd4 Bf5 7. Bb5 Qb6 8. c4 a6 9. Bxc6+ bxc6 10. Qb3 Nd7 11. O-O e6 12. c5 Qxb3 13. axb3 Bd3 14. Rfe1 Be7 15. Re3 Bb5 16. Nb1 O-O 17. Nc3 Rfe8 18. g4 h6 19. h4 Nf8 20. Bg3 {1-0 Duda,J (2756)-Cori,J (2654) Online Olym Div Top-D rapid 2021 (5.2)}) 6. c4 e6 7. Qb3 Qc8 $146 ({RR} 7... Qb6 8. Be2 cxd4 9. Qxb6 axb6 10. exd4 Be7 11. Bc7 O-O 12. Bxb6 Nb4 13. O-O Nc2 14. Rac1 Rxa2 15. b3 h6 16. c5 Nb4 17. Bb5 Nd3 18. Ra1 Rfa8 19. Rxa2 Rxa2 20. h3 Nb4 21. g4 Bc2 22. Ne5 {0-1 Wu,S (2142)-Spitzl,V (2365) Titled Tue 20th Feb Late 2024 (3)}) ({RR} 7... cxd4 8. Nxd4 Bb4 9. Rd1 Qa5 10. Nxf5 exf5 11. cxd5 Ne4 12. dxc6 Nxd2 13. Qd3 O-O 14. a3 Ne4+ 15. Ke2 bxc6 16. axb4 Qxb4 17. f3 Qxb2+ 18. Rd2 Nxd2 19. Qxd2 Qb1 20. Kf2 Rfd8 21. Qe1 Rd1 22. Qc3 {0-1 Gjestemoen Vonhirsch,A (2329)-Korchmar,V (2438) Titled Tuesday intern op 20th Sep Early blitz 2022 (4)}) 8. Rc1 b6 9. cxd5 exd5 10. Bb5 a6 11. Bxc6+ Qxc6 12. dxc5 bxc5 13. Nd4 Qd7 14. Nxf5 Qxf5 15. Qb7 Qc8 16. Qxc8+ Rxc8 17. e4 Nxe4 18. Nxe4 dxe4 19. Rc4 Kd7 20. O-O Bd6 21. Rd1 Rc6 22. Rxe4 Rd8 23. Re2 Kc7 24. Red2 f6 25. Kf1 g5 26. Bxd6+ Rcxd6 27. Rxd6 Rxd6 28. Rxd6 Kxd6 29. Ke2 c4 30. Kd2 h5 31. Kc3 Kc5 32. f3 f5 33. a3 f4 34. h3 a5 35. Kc2 Kd4 36. b4 a4 37. Kd2 c3+ 38. Kc2 Kc4 39. Kc1 Kb5 40. Kc2 Kc4 41. Kc1 Kb5 42. Kd1 Kc4 43. Kc2 h4 44. Kc1 Kd4 45. Kd1 Kd5 46. b5 Kc5 47. b6 Kxb6 48. Kc2 Kb5 49. Kxc3 Kc5 1/2-1/2

[Event "Olympiad Women 2024"]
[Site "Budapest HUN"]
[Date "2024.09.19"]
[Round "8.47"]
[Board "1"]
[White "Hamadeh, Sally"]
[Black "Lindiawati, Evi"]
[Result "0-1"]
[WhiteElo "1557"]
[BlackElo "1940"]
[PlyCount "82"]
[EventDate "2024.09.11"]
[WhiteTeam "Lebanon"]
[BlackTeam "Indonesia"]
[WhiteTeamCountry "LBN"]
[BlackTeamCountry "INA"]

1. e4 g6 2. d4 Bg7 3. c3 d6 4. Be3 Nf6 5. Bd3 e5 6. d5 c6 7. c4 Ng4 ({RR} 7... O-O 8. f3 b5 9. Nc3 bxc4 10. Bxc4 Ba6 11. Bxa6 Nxa6 12. dxc6 Nb4 13. Nge2 d5 14. Bc5 Qa5 15. Bxf8 Bxf8 16. exd5 Nbxd5 17. O-O Ne3 18. Qa4 Qb6 19. Kh1 Nxf1 20. Rxf1 Rc8 21. Ne4 Rxc6 22. N2c3 {1-0 Novikov,E (2276)-Van Foreest,M (2272) Titled Tue 30th Jul Late 2024 (8)}) 8. Qd2 Nxe3 9. Qxe3 f5 $146 ({RR} 9... O-O 10. Nc3 Nd7 11. f3 Qh4+ 12. Qf2 Qh6 13. Qd2 Qh4+ 14. Qf2 Qe7 15. g4 Bh6 16. h4 Bf4 17. Nh3 a5 18. Ne2 Bh6 19. Qg3 Be3 20. Nf2 Nc5 21. Bc2 cxd5 22. cxd5 Na6 23. Nd1 Ba7 24. Rc1 {0-1 Srinivas,G (2058)-Murshed,N (2460) Hyderabad op 1st 2006 (1)}) 10. f3 cxd5 11. cxd5 fxe4 12. fxe4 Nd7 13. Nf3 Nc5 14. Bb5+ Bd7 15. Bxd7+ Qxd7 16. O-O O-O 17. Nc3 a5 18. a4 Rf4 19. Ng5 Raf8 20. Qe2 h6 21. Nf3 g5 22. g3 Qg4 23. Kg2 Nxe4 24. Nxe4 Rxe4 25. Qb5 Rb4 26. Qe2 e4 27. Nd4 Qxe2+ 28. Nxe2 Rxb2 29. Rae1 Bc3 30. Rxf8+ Kxf8 31. Rf1+ Ke7 32. Rf2 e3 33. Nxc3 Rxf2+ 34. Kg1 Rc2 35. Nb5 Rc5 36. Kf1 Rxd5 37. Ke2 Rxb5 38. axb5 a4 39. Kd3 a3 40. Kc3 a2 41. Kb2 e2 0-1

[Event "Olympiad Women 2024"]
[Site "Budapest HUN"]
[Date "2024.09.19"]
[Round "8.47"]
[Board "2"]
[White "Nugroho, Angel Ruth"]
[Black "Fawaz, Nadia"]
[Result "1-0"]
[WhiteElo "1939"]
[BlackElo "1747"]
[PlyCount "119"]
[EventDate "2024.09.11"]
[WhiteTeam "Indonesia"]
[BlackTeam "Lebanon"]
[WhiteTeamCountry "INA"]
[BlackTeamCountry "LBN"]

1. d4 Nf6 2. Bf4 d5 3. e3 c5 4. c3 Nc6 5. Nf3 Qb6 6. Qc2 cxd4 7. exd4 Bf5 8. Qb3 e6 ({RR} 8... Nd7 9. Na3 a6 10. Be2 e6 11. Nh4 Be4 12. f3 Bg6 13. Nxg6 hxg6 14. Nc2 Be7 15. Ne3 Rc8 16. Bg3 Na5 17. Qc2 Qc6 18. a4 Bd6 19. Bf2 Qc7 20. g3 Nb6 21. O-O Nac4 22. Ng2 Nd7 23. Bd3 {1-0 Duda,J (2731)-Grischuk,A (2745) chess.com SpeedChess Q2KO 2022 (1.11)}) 9. Nbd2 Be7 10. Nh4 ({RR} 10. Be2 Qxb3 11. axb3 Nh5 12. Be3 Bd6 13. Ne5 Nf6 14. Nxc6 bxc6 15. Ra6 Kd7 16. b4 Rhb8 17. O-O Rb6 18. Ra5 e5 19. dxe5 Bxe5 20. Bxb6 {1-0 Ozkan,E (2124)-Dias,P (2304) Titled Tue 10th Sep Early 2024 (4)}) 10... Qxb3 $146 ({RR} 10... Be4 11. f3 Bg6 12. Nxg6 hxg6 13. Bd3 Nh5 14. Qxb6 axb6 15. Be3 Ng3 16. Rg1 Rxh2 17. Bf4 Rh1 18. Rxh1 Nxh1 19. Ke2 g5 20. Bh2 Kd7 21. Rxh1 Rxa2 22. b4 f5 23. Bb5 Rc2 24. Kd3 Ra2 25. Be5 {1-0 Wichmann,L (1294)-Kleinert,N Dortmund Sparkassen op-C 47th 2019 (8)}) ({RR} 10... Be4 11. Be2 O-O 12. Nxe4 Nxe4 13. Nf3 Bd6 14. Qxb6 axb6 15. Be3 Rfc8 16. O-O Na5 17. Ne1 Nc4 18. Bxc4 dxc4 19. a3 Nf6 20. Nc2 b5 21. Rae1 Nd5 22. Bc1 Re8 23. g3 f5 24. Kg2 Kf7 25. Kf3 {1-0 Le,Q (2709)-Boyer,M (2333) Titled Tuesday intern op 16th Feb blitz 2021 (3)}) ({RR} 10... Be4 11. f3 Nh5 12. Bg3 Qxb3 13. axb3 Bc2 14. Rc1 Bxb3 15. f4 Bc4 16. Nxc4 dxc4 17. Bxc4 Nxf4 18. O-O Nh5 19. Bf2 O-O 20. Rfe1 Rfd8 21. Nf3 Rac8 22. Bf1 Nf6 23. h3 h6 24. c4 Bb4 25. Red1 {0-1 Radnai,A (2257)-Cherkasov,B (1971) 56th Mislata Open 2023 (1.3)}) 11. axb3 Bc2 12. Nhf3 h6 13. Bb5 O-O 14. h3 a6 15. Bxc6 bxc6 16. b4 Nd7 17. O-O f6 18. Rfc1 Bh7 19. Nb3 Be4 20. Na5 Bxf3 21. Nxc6 Bxg2 22. Kxg2 Kf7 23. Ra5 e5 24. dxe5 fxe5 25. Nxe5+ Ke6 26. Ng6 Rf6 27. Re1+ Kf7 28. Nxe7 Re8 29. Bg3 Rxe7 30. Rxe7+ Kxe7 31. Rxd5 Nb6 32. Rd3 Re6 33. b3 Nd7 34. Kf3 Nf6 35. c4 Rb6 36. Be5 Nd7 37. Bxg7 Rxb4 38. Re3+ Kf7 39. Bxh6 Nc5 40. Bf4 Nxb3 41. Rc3 Nd4+ 42. Ke4 Ne6 43. Be3 a5 44. Kd5 a4 45. Ra3 Nc7+ 46. Kc5 Na6+ 47. Kd4 Ke6 48. h4 Nc7 49. Kc3 Rb8 50. Rxa4 Ke5 51. h5 Ke4 52. h6 Rc8 53. Ra5 Ne6 54. Rh5 Rh8 55. c5 Rh7 56. Kc4 Nc7 57. Rh4+ Kf5 58. Rh1 Ne6 59. c6 Ke5 60. Rd1 1-0

[Event "Olympiad Women 2024"]
[Site "Budapest HUN"]
[Date "2024.09.19"]
[Round "8.47"]
[Board "3"]
[White "Attieh, Skye"]
[Black "Yuliana, Evi"]
[Result "0-1"]
[WhiteElo "1675"]
[BlackElo "1912"]
[PlyCount "94"]
[EventDate "2024.09.11"]
[WhiteTeam "Lebanon"]
[BlackTeam "Indonesia"]
[WhiteTeamCountry "LBN"]
[BlackTeamCountry "INA"]

1. e4 d5 2. exd5 Qxd5 3. Nc3 Qd6 4. Bc4 c6 5. d4 Nf6 6. Nge2 Bf5 7. Bf4 Qb4 8. Bb3 e6 9. O-O Na6 ({RR} 9... Nbd7 10. Bc7 Rc8 11. a3 Qe7 12. Ba5 b6 13. Bb4 Qd8 14. Bxf8 Kxf8 15. Ng3 g6 16. Nce2 Kg7 17. Nf4 Qc7 18. Qd2 Rcd8 19. Nxf5+ exf5 20. f3 Nc5 21. Ba2 Nb7 22. Rfe1 Rhe8 23. c3 c5 24. Rxe8 {0-1 Al Modiahki,M (2559)-Predojevic,B (2615) Olympiad-38 Dresden 2008 (10)}) ({RR} 9... Nbd7 10. Ng3 Bg6 11. Re1 Be7 12. Na4 Qa5 13. h4 h6 14. Nc3 O-O 15. Qe2 Nb6 16. Nce4 Nxe4 17. Nxe4 Nd5 18. Bg3 Rad8 19. Rad1 Nf6 20. Nxf6+ Bxf6 21. c3 Qf5 22. Bc4 Bh5 23. f3 Qa5 24. Bf2 {0-1 Tang,Z (2262)-Sailer,M (2095) Titled Tue 9th Apr Late 2024 (4)}) 10. a3 Qb6 $146 ({RR} 10... Qa5 11. Ng3 Bg6 12. Qe2 Be7 13. Nce4 O-O 14. Nd6 Qc7 15. Ndf5 Qxf4 16. Nxe7+ Kh8 17. Nxg6+ hxg6 18. Qe5 Qxe5 19. dxe5 Nd7 20. Rfe1 Nac5 21. Ba2 Nb6 22. b4 Ncd7 23. Rad1 a5 24. Bb3 axb4 25. axb4 {1-0 Hookham,J (1978)-Parks,J (1871) Dundee & Angus op 2014 (4)}) 11. Na4 Qa5 12. c4 Rd8 13. Bc2 Bxc2 14. Qxc2 Bd6 15. Bxd6 Rxd6 16. b4 Qd8 17. Rfc1 O-O 18. Nac3 Nc7 19. Rd1 b5 20. Ne4 Nxe4 21. Qxe4 f5 22. Qf3 bxc4 23. Rac1 e5 24. Rxc4 e4 25. Qc3 Nd5 26. Qc2 Qf6 27. Rc1 Ne7 28. a4 Qe6 29. Nf4 Qh6 30. Ne2 Re6 31. b5 cxb5 32. axb5 Kh8 33. Ra1 f4 34. d5 Nxd5 35. Rxe4 Qg6 36. Rc4 Qe8 37. Kf1 f3 38. Ng3 fxg2+ 39. Kxg2 Nf4+ 40. Rxf4 Rxf4 41. Qc5 Rf7 42. Rd1 h6 43. Qb4 Rb6 44. Qh4 Qa8+ 45. Ne4 g5 46. Qh3 Qxe4+ 47. Kg1 Qf5 0-1

[Event "Olympiad Women 2024"]
[Site "Budapest HUN"]
[Date "2024.09.19"]
[Round "8.47"]
[Board "4"]
[White "Adeline, Clementia"]
[Black "Al Asmar, Remy"]
[Result "1/2-1/2"]
[WhiteElo "1550"]
[BlackElo "1661"]
[PlyCount "93"]
[EventDate "2024.09.11"]
[WhiteTeam "Indonesia"]
[BlackTeam "Lebanon"]
[WhiteTeamCountry "INA"]
[BlackTeamCountry "LBN"]

1. d4 d5 2. c4 c6 3. cxd5 cxd5 4. Nc3 g6 5. Bf4 Bg7 6. e3 a6 7. Nf3 ({RR} 7. Bd3 Nf6 8. Nf3 O-O 9. Ne5 Nh5 {½-½ Menna Barreto,F (2305)-Heinechen,J (2146) 9th Floripa Open 2023 (8.14)}) 7... Nf6 8. h3 $146 ({RR} 8. Bd3 O-O 9. O-O Nc6 10. Rc1 Bd7 11. Ne5 Nh5 12. Nxd5 Nxf4 13. exf4 Be8 14. Be4 e6 15. Nc3 Qb6 16. Na4 Qxd4 17. Bxc6 Qxd1 18. Rfxd1 bxc6 19. Nxc6 Bf6 20. Nb6 Bxc6 21. Rxc6 Rad8 22. Nd7 Bxb2 {1-0 Zimmermann,A (1903)-Berisha,S (1930) Oberpfalz-ch M1 2006 (1.14)}) ({RR} 8. Bd3 Nc6 9. Rc1 O-O 10. O-O Bg4 11. h3 Bxf3 12. Qxf3 e6 13. a3 Nh5 14. Bh2 Rc8 15. b4 b5 16. Rc2 Qd7 17. Rfc1 Ne7 18. a4 Nc6 19. Na2 Na7 20. Rc7 Qd8 21. Rxa7 Rxc1+ 22. Nxc1 Qb6 {1-0 Ugur,O-Koroglu,H Izmir op 5th 2006 (2)}) ({RR} 8. Bd3 Nh5 9. Bxb8 Rxb8 10. Qb3 Nf6 11. Bxa6 O-O 12. O-O Bg4 13. Be2 e6 14. h3 Bxf3 15. Bxf3 Ne8 16. Rfc1 Nd6 17. Be2 Qe7 18. Qb4 Rfc8 19. Nb5 Bf8 20. Nxd6 Rxc1+ 21. Rxc1 Qxd6 22. Qxd6 Bxd6 {½-½ Kodric,G (1427)-Mohar,M (1657) SLO-CupT Dobrna 2019 (5.8)}) 8... Nbd7 9. Rc1 O-O 10. Be2 b5 11. Ne5 Bb7 12. h4 Nxe5 13. Bxe5 Rc8 14. a3 Ne4 15. Bxg7 Kxg7 16. Nxe4 Rxc1 17. Qxc1 dxe4 18. O-O e5 19. dxe5 Qxh4 20. Qc7 Bc8 21. a4 Qg5 22. Rd1 Re8 23. axb5 axb5 24. Bxb5 Qxe5 25. Qxe5+ Rxe5 26. Bc6 Ba6 27. b4 Bb5 28. Bxb5 Rxb5 29. Rd4 f5 30. f3 exf3 31. gxf3 Rb8 32. Kf2 Ra8 33. Rd7+ Kh6 34. Rd2 Rb8 35. Rb2 Kg5 36. Kg3 Kf6 37. f4 Ke6 38. Kf3 Kd5 39. Rd2+ Kc4 40. Rd7 Rxb4 41. Rxh7 Rb6 42. Rd7 Re6 43. Rd4+ Kc5 44. Rd3 Kc4 45. Rd4+ Kc5 46. Rd3 Kc4 47. Rd4+ 1/2-1/2

[Event "Olympiad Women 2024"]
[Site "Budapest HUN"]
[Date "2024.09.19"]
[Round "8.48"]
[Board "1"]
[White "Kaslan, Catherine"]
[Black "Zhanybekova, Begimay"]
[Result "0-1"]
[WhiteElo "1902"]
[BlackElo "1784"]
[PlyCount "120"]
[EventDate "2024.09.11"]
[WhiteTeam "Suriname"]
[BlackTeam "Kyrgyzstan"]
[WhiteTeamCountry "SUR"]
[BlackTeamCountry "KGZ"]

1. e4 c5 2. Nf3 Nc6 3. d4 cxd4 4. Nxd4 Qb6 5. Nb3 Nf6 6. Nc3 e6 7. Bd3 Be7 8. Be3 Qc7 9. Nb5 $146 ({RR} 9. O-O O-O 10. f4 d6 11. Kh1 Bd7 12. a3 Na5 13. e5 Ne8 14. Bxh7+ Kxh7 15. Qh5+ Kg8 16. Rf3 dxe5 17. fxe5 Nxb3 18. Rh3 f5 19. Bf4 Nxa1 20. Qg6 Qc4 21. Be3 Nxc2 22. Qh7+ Kf7 23. Qh5+ g6 {0-1 Bibiloni,J-Gruszka,M Villa Gesell op 1971 (4)}) ({RR} 9. O-O O-O 10. f4 d6 11. Qf3 Re8 12. g4 Bf8 13. g5 Nd7 14. Nb5 Qd8 15. c4 a6 16. Nc3 g6 17. Rad1 Qe7 18. Rd2 Rb8 19. Rfd1 b6 20. e5 Ncxe5 21. fxe5 Nxe5 22. Qg3 Bb7 23. Be2 Qc7 {½-½ Lagno,K (2417)-Milov,V (2574) EU-ch 4th Istanbul 2003 (1)}) ({RR} 9. O-O d6 10. f4 Bd7 11. Qf3 Nb4 12. a3 Nxd3 13. cxd3 Bc6 14. Rac1 Qd7 15. Qg3 O-O 16. Rcd1 Kh8 17. Nd4 a6 18. Nxc6 Qxc6 19. Rc1 Qd7 20. Qf3 b5 21. Ne2 Rac8 22. Nd4 Rxc1 23. Rxc1 Rc8 {1-0 Mrudul,D (2168)-Soumya,S (2326) Asian Continental Blitz w 2022 (3.12)}) ({RR} 9. O-O O-O 10. Qe2 d5 11. h3 a6 12. exd5 exd5 13. Nd4 Qe5 14. Nf3 Qh5 15. Bf4 Re8 16. Ng5 h6 17. Nh7 Qxe2 18. Nxf6+ Bxf6 19. Nxe2 Bxb2 20. Rab1 Bf6 21. Ng3 b5 22. a4 b4 23. Bd6 Be7 {0-1 Yerbury,P-Benitez,O Olympiad-22 Haifa 1976 (7.1)}) ({RR} 9. O-O O-O 10. f4 d6 11. Qf3 Re8 12. Qg3 Bf8 13. Rae1 a6 14. Nd4 Nb4 15. e5 Nxd3 16. cxd3 Nd5 17. Ne4 Be7 18. f5 dxe5 19. f6 Bf8 20. Nf3 Nxe3 21. Rxe3 g6 22. Nxe5 Bc5 23. Nxc5 Qxc5 {1-0 Matsuura,E-Sokolik,D BRA-ch sf Rio de Janeiro 1986 (6)}) 9... Qd8 10. c4 d6 11. Nc3 b6 12. O-O Bb7 13. f3 O-O 14. Rc1 Rc8 15. Be2 d5 16. exd5 exd5 17. Nxd5 Nxd5 18. cxd5 Nb4 19. Rxc8 Bxc8 20. Bc4 Bb7 21. Qe2 Bxd5 22. a3 Nc6 23. Qd3 Bxc4 24. Qxc4 Ne5 25. Qe4 Bf6 26. Qc2 Qd3 27. Qxd3 Nxd3 28. Bd4 Bxd4+ 29. Nxd4 Nxb2 30. Nc6 a6 31. Rb1 Na4 32. Rb4 b5 33. Rd4 Re8 34. Nb4 Nc5 35. Rd5 Rc8 36. Rd6 g6 37. Nxa6 Ne6 38. Rd5 Rc1+ 39. Kf2 Rc2+ 40. Kg3 Rxg2+ 41. Kxg2 Nf4+ 42. Kf2 Nxd5 43. Nb8 Nb6 44. Ke2 Nc4 45. Kd3 Nxa3 46. Nc6 Kg7 47. Kc3 Nc4 48. Nd4 Kf6 49. Nxb5 Ne5 50. Nd4 Kg5 51. Kd2 Kh4 52. Ke3 Kh3 53. Kf4 f6 54. Ne6 Kxh2 55. Nf8 h5 56. Ke4 g5 57. Nh7 Nd7 58. Kf5 Kg3 59. Nxg5 fxg5 60. Kxg5 h4 0-1

[Event "Olympiad Women 2024"]
[Site "Budapest HUN"]
[Date "2024.09.19"]
[Round "8.48"]
[Board "2"]
[White "Lesbekova, Assel"]
[Black "Kaslan, Victoria"]
[Result "1-0"]
[WhiteElo "1903"]
[BlackElo "1726"]
[PlyCount "75"]
[EventDate "2024.09.11"]
[WhiteTeam "Kyrgyzstan"]
[BlackTeam "Suriname"]
[WhiteTeamCountry "KGZ"]
[BlackTeamCountry "SUR"]

1. e4 {ChessBase II} c5 2. c4 d6 3. Nc3 Nf6 4. g3 Nc6 5. Bg2 g6 6. d3 Bg7 7. Nge2 O-O 8. O-O Ne8 9. Be3 f5 ({RR} 9... e5 10. Qd2 ({RR} 10. a3 Be6 11. Nd5 Qd7 12. Nec3 Nd4 13. b4 b6 14. b5 Rb8 15. a4 f5 16. Bxd4 cxd4 17. exf5 gxf5 18. Na2 Nf6 19. Nab4 Nxd5 20. Bxd5 Bxd5 21. Nxd5 f4 22. Qh5 Kh8 23. a5 Rf5 24. Qh3 Qf7) 10... Nc7 11. Rae1 Bd7 12. b3 Rb8 13. f4 Nd4 14. Rf2 b5 15. cxb5 Ncxb5 16. Nxb5 Rxb5 17. Nc3 Rb8 18. Ref1 exf4 19. Bxf4 Be6 20. Bh6 Qa5 21. Bxg7 Kxg7 22. h3 Nb5 23. Nxb5 Qxd2 24. Rxd2 {½-½ Eingorn,V (2560)-Nijboer,F (2562) Metz op 28th 2010 (8)}) ({RR} 9... e5 10. a3 Nc7 11. Rb1 a5 12. Nd5 a4 13. Nb6 Ra6 14. Nxa4 Ne6 15. b4 Ra8 16. bxc5 Ned4 17. Bxd4 Nxd4 18. Nxd4 exd4 19. cxd6 Qxd6 20. c5 Qc6 21. Rb4 Ra5 22. e5 Qa6 23. Nb6 Rxa3 24. Nxc8 {1-0 Kanyamarala,T (2243)-Espinoza Villanueva,R (1928) Titled Tue 6th Feb Early 2024 (9)}) 10. d4 cxd4 11. Nxd4 fxe4 $146 ({RR} 11... Nxd4 12. Bxd4 e5 13. Be3 f4 14. Bc1 Be6 15. Nd5 g5 16. f3 h5 17. Rb1 Nf6 18. Nxf6+ Rxf6 19. b3 Qb6+ 20. Kh1 Bxc4 21. Be3 fxe3 22. bxc4 Qd4 23. Qb3 e2 24. Rfe1 g4 25. Rxe2 gxf3 26. Bxf3 {½-½ Sysel,J (1879)-Novy,D (1987) Klatovy op 22nd 2016 (2)}) 12. Nxe4 Ne5 13. Rc1 Ng4 14. Ng5 Nxe3 15. fxe3 Rxf1+ 16. Qxf1 Nc7 17. Bd5+ e6 18. Ndxe6 Bxe6 19. Bxe6+ Nxe6 20. Qf7+ Kh8 21. Nxe6 Qg8 22. Qxb7 Rb8 23. Qxg7+ Qxg7 24. Nxg7 Kxg7 25. Rc2 Kf6 26. Kf2 Ke5 27. Rd2 Ke6 28. e4 Rb4 29. Rc2 a5 30. Ke3 Ke5 31. b3 a4 32. Rc3 h6 33. Rd3 g5 34. Rd5+ Ke6 35. Rb5 Rxb5 36. cxb5 axb3 37. axb3 d5 38. b6 1-0

[Event "Olympiad Women 2024"]
[Site "Budapest HUN"]
[Date "2024.09.19"]
[Round "8.48"]
[Board "3"]
[White "Kaslan, Alexandra"]
[Black "Sezdbekova, Aizhan"]
[Result "1/2-1/2"]
[WhiteElo "1675"]
[BlackElo "1799"]
[PlyCount "105"]
[EventDate "2024.09.11"]
[WhiteTeam "Suriname"]
[BlackTeam "Kyrgyzstan"]
[WhiteTeamCountry "SUR"]
[BlackTeamCountry "KGZ"]

1. d4 Nf6 2. c4 e6 3. Nf3 d5 4. Nc3 Be7 5. cxd5 exd5 6. e3 O-O 7. Bd3 Bg4 8. h3 Bh5 9. O-O ({RR} 9. Ne2 Bxf3 10. gxf3 c5 11. b3 cxd4 12. Nxd4 Bb4+ 13. Bd2 Bxd2+ 14. Qxd2 Nc6 15. Be2 Rc8 16. O-O Qd7 17. Kg2 Ne5 18. Rac1 Ng6 19. Bd3 a6 20. Rxc8 Rxc8 21. Rc1 Rc7 22. Rxc7 Qxc7 23. Qc2 Qxc2 {½-½ Nakamura,H (2768)-Nihal,S (2670) chess.com SpeedChess 2022 (3.21)}) 9... c6 10. Be2 Nbd7 11. Qb3 $146 ({RR} 11. a3 Qc7 12. b4 a6 13. Bb2 Rfe8 14. Rc1 Qb8 15. Qc2 Bg6 16. Bd3 Bxd3 17. Qxd3 h6 18. Nh4 Nb6 19. Rc2 Nc4 20. Bc1 b5 21. Nf5 Bf8 22. f3 g6 23. Ng3 Qxg3 24. e4 dxe4 25. Qd1 e3 {0-1 Mather,R (1334)-Valerhaugen,K (1378) NOR-chT Clubs 2010 (2.52)}) ({RR} 11. Bd2 Bd6 12. Rc1 Qe7 13. Ng5 Bg6 14. a3 a5 15. Nf3 Ne4 16. Be1 f5 17. Nd2 f4 18. exf4 Bxf4 19. Ra1 Kh8 20. Ndxe4 dxe4 21. Bg4 Nf6 22. Be2 Rad8 23. Qa4 Bc7 24. Rd1 e3 25. Bf3 Bh5 {0-1 Malan,L (1835)-Kalinin,D (1997) Titled Tue 30th Apr Late 2024 (3)}) ({RR} 11. a3 a5 12. Ne1 Bxe2 13. Qxe2 Re8 14. Nd3 b5 15. Qc2 a4 16. Bd2 Bd6 17. Rae1 Nb6 18. Nb4 Bxb4 19. axb4 Nc4 20. Bc1 Qd6 21. b3 axb3 22. Qxb3 Ne4 23. Nxe4 Rxe4 24. Re2 Ree8 25. Bb2 Ra4 {0-1 Vidackovic,B (1993)-Hodak,S (2239) Treber Memorial 3rd 2006 (1.9)}) 11... Rb8 12. Re1 Re8 13. Nd2 Bxe2 14. Rxe2 b5 15. Qc2 Qb6 16. a3 a5 17. Nf3 Bd6 18. e4 b4 19. axb4 axb4 20. Na4 Qb5 21. e5 Bc7 22. b3 h6 23. Bb2 Ne4 24. Rc1 Re6 25. Re3 f5 26. Nd2 Nxd2 27. Qxd2 Bd8 28. f4 Be7 29. Qc2 Rf8 30. Qe2 Qb7 31. Qc2 g6 32. Rf1 Rc8 33. Nc5 Bxc5 34. dxc5 Nf6 35. g4 Ne4 36. gxf5 gxf5 37. Kh2 Kh7 38. Rg1 Qf7 39. Re2 Rg8 40. Reg2 Rxg2+ 41. Rxg2 Rg6 42. Bd4 Qg8 43. Rxg6 Qxg6 44. Qd3 h5 45. Qf3 Kh6 46. h4 Kh7 47. Be3 Kg8 48. Qg2 Qxg2+ 49. Kxg2 Kf7 50. Kf3 Ke6 51. Ke2 Kd7 52. Kd3 Ke6 53. Ke2 1/2-1/2

[Event "Olympiad Women 2024"]
[Site "Budapest HUN"]
[Date "2024.09.19"]
[Round "8.48"]
[Board "4"]
[White "Abaeva, Aiana"]
[Black "Tjong Tjin Joe, Maylee"]
[Result "1-0"]
[WhiteElo "1858"]
[BlackElo "1665"]
[PlyCount "77"]
[EventDate "2024.09.11"]
[WhiteTeam "Kyrgyzstan"]
[BlackTeam "Suriname"]
[WhiteTeamCountry "KGZ"]
[BlackTeamCountry "SUR"]

1. e4 e5 2. Nf3 Nc6 3. Bb5 Nf6 4. d3 Bc5 5. c3 d6 6. O-O a6 7. Ba4 h6 8. d4 exd4 9. cxd4 Ba7 10. e5 dxe5 $146 ({RR} 10... Nd5 11. exd6 Qxd6 12. Re1+ Be6 13. Nc3 O-O-O 14. Ne4 Qb4 15. Bxc6 bxc6 16. Qe2 Qb5 17. Be3 Rhe8 18. a4 Qxe2 19. Rxe2 Bf5 20. Ng3 Bg4 21. Rae1 f5 22. h3 Bxf3 23. gxf3 f4 24. Ne4 fxe3 25. fxe3 {0-1 Hernandez,A (2025)-Piddubna,B (2035) Titled Tue 12th Dec Late 2023 (9)}) 11. Nxe5 Bd7 12. Nxc6 Bxc6 13. Re1+ Kd7 14. Bxc6+ bxc6 15. Nc3 Re8 16. Be3 Re7 17. Qa4 Ke8 18. Qxc6+ Kf8 19. Qa4 Qd6 20. h3 Rb8 21. Red1 Rxb2 22. Bc1 Rb4 23. Ba3 Rxa4 24. Bxd6 cxd6 25. Nxa4 Re4 26. Nc3 Rxd4 27. Rxd4 Bxd4 28. Rc1 g5 29. Kf1 Nd7 30. Ne4 Ke7 31. Rc6 Be5 32. Rxa6 f5 33. Nd2 Ke6 34. Nb3 f4 35. Ra7 Bf6 36. a4 d5 37. a5 Kd6 38. a6 Nb6 39. Rb7 1-0